| 000 | 00492nam a2200169Ia 4500 | ||
|---|---|---|---|
| 999 |
_c37371 _d37371 |
||
| 003 | OSt | ||
| 005 | 20200929094226.0 | ||
| 008 | 190216s9999||||xx |||||||||||||| ||und|| | ||
| 040 | _coclc | ||
| 082 |
_a591.5 _bANA/G |
||
| 100 |
_aAnanthakrishnan, T N _95097 |
||
| 245 | 0 |
_aGeneral Animal Ecology / _cT N Ananthakrishnan ; T R Viswanathan |
|
| 260 |
_bMacmillan, _c1976. _aDelhi: |
||
| 300 | _a324p | ||
| 650 | _aZoology | ||
| 942 |
_cBK _2ddc _h591.5 _iANA/G _k591.5 _mANA/G |
||